| 000 | 00661nam a22002297a 4500 | ||
|---|---|---|---|
| 003 | ARcadia | ||
| 005 | 20140310181734.0 | ||
| 008 | 130319t xxu||||| |||| 00| 0 eng d | ||
| 020 | _a1585674028 | ||
| 050 |
_aDF 261 _b.C327 2003 |
||
| 082 |
_aTR 938.9 _bC24 2003 |
||
| 100 |
_aCartledge, Paul _91796 |
||
| 245 |
_aThe Spartans : _bAn Epic History / _cPaul Cartledge. |
||
| 260 |
_aWoodstock, NY: _bOverlook Press, _cc2003. |
||
| 300 |
_a304 p. : _bill., maps ; _c23 cm. |
||
| 500 | _a"PAN books". Includes index. | ||
| 521 | _aFaculty | ||
| 541 | _j1 | ||
| 562 | _e1 | ||
| 650 |
_aSparta (Extinct city) _xHistory. _91797 |
||
| 942 |
_2lcc _cBK-TR _kTR |
||
| 999 |
_c2516 _d2516 |
||